000 00522nam a22001817a 4500
003 NUST
005 20260209092610.0
008 260209b ||||| |||| 00| 0 eng d
020 _a978-0470844090
082 _a910.285
100 _aGraham Clarke & John Stillwell.
_9133123
245 _aApplied GIS and Spatial Analysis /
_cGraham Clarke & John Stillwell.
250 _a1st Edition
260 _aEngland:
_bWiley,
_c2003.
300 _a424 p ;
_c6.83 x 1.13 x 10.06 inches.
942 _2ddc
_cBK
999 _c616127
_d616127